000 00453nam a2200181Ia 4500
001 22459
005 20260414150832.0
008 260414t2018||||xx |||||||||||||| ||spa||
041 _aESP
082 _a621.3815
_bA12
100 _aAbarca Jiménez, Griselda Stephany
_eAUT
245 0 _aDiseño digital con aplicaciones
_b
260 _c2018
300 _ax, 262 páginas :
_c27 cm.
650 _aTCA
654 _aCET
942 _cLIB
_dJUS
_fJUS
_2ddc
_n
999 _c22459
_d22459